| 000 | 00814nac a22002411u 4500 | ||
|---|---|---|---|
| 010 | _a 97166774 | ||
| 020 | _a1562764411 (pbk.) : | ||
| 035 | _a(OCoLC)36060627 | ||
| 035 | _a3693-99760 | ||
| 082 | 0 | 0 |
_a005.71376 _bGRA |
| 090 |
_c9664 _d9664 |
||
| 100 | _aGralla, Preston. | ||
| 245 | 1 | 0 |
_aHow intranets work / _cPreston Gralla ; illustrated by Mina Reimer. |
| 260 |
_aEmeryville, Calif. : _bZiff-Davis Press,1996 _cc1996. |
||
| 300 |
_axiii, 206 p. : _bcol. ill. ; _c26 cm. |
||
| 490 | 1 | _aHow it works series | |
| 500 | _aIncludes index. | ||
| 500 | _adistributer: Al-Ahram | ||
| 511 | _acatalogued by: wessam | ||
| 650 | 0 |
_aIntranets (Computer networks) _xPictorial works. |
|
| 830 | 0 | _aHow it works series (Emeryville, Calif.) | |
| 942 |
_cBB _k005.71376GRA |
||
| 999 |
_c9664 _d9664 |
||